Zmeny v štruktúre svetovej automobilovej produkcie v 20. a 21. storočí
Pozícia automobiliek v globálnom automobilovom priemysle. Vývoj rozdelenia svetovej automobilovej produkcie.
Guardado en:
| Autor principal: | |
|---|---|
| Formato: | Capítulo de libro |
| Lenguaje: | eslovaco |
| Materias: | |
| Etiquetas: |
Sin Etiquetas, Sea el primero en etiquetar este registro!
|
MARC
| LEADER | 00000nla a2200000 4500 | ||
|---|---|---|---|
| 001 | 0181267 | ||
| 005 | 20240502073117.0 | ||
| 041 | 0 | |a slo | |
| 044 | |a SK | ||
| 245 | 1 | 0 | |a Zmeny v štruktúre svetovej automobilovej produkcie v 20. a 21. storočí |c Milan Lukáč |
| 520 | |a Pozícia automobiliek v globálnom automobilovom priemysle. Vývoj rozdelenia svetovej automobilovej produkcie. | ||
| 610 | 2 | 0 | |a globalizácia |
| 610 | 2 | 0 | |a priemysel automobilový |
| 610 | 2 | 0 | |a produkcia |
| 610 | 2 | 0 | |a svet |
| 610 | 2 | 0 | |a technológie informačné |
| 610 | 2 | 0 | |a technológie komunikačné |
| 100 | 1 | |a Lukáč, Milan | |